000 00371nam a2200145Ia 4500
008 221030s9999 xx 000 0 und d
020 _a8185623228
041 _aEnglish
100 _aR. Lafore
245 0 _aObject - Oriented Programming in Turbo C++
_cby R. Lafore
260 _bGalgotia Pub
_aNew Delhi
_c2013
300 _a739
650 _aBE Computer
942 _cBK
999 _c14889
_d14889